I'm a mess - Ed Sheeran lyrics - Statistics

General Stats
  • This quiz has been taken 63 times
  • The average score is 179 of 231
Answer Stats
Answer % Correct
a
100%
I
100%
i'm
100%
me
100%
mess
100%
in
98%
no
98%
now
98%
oh
98%
out
98%
right
98%
inside
96%
the
96%
for
94%
it
94%
sweet
90%
this
90%
but
88%
can't
86%
how
86%
is
86%
long
86%
love
86%
so
86%
surrender
86%
to
86%
when
86%
you
86%
eyes
84%
feel
84%
my
84%
not
84%
see
84%
through
84%
your
84%
and
82%
going
82%
motions
82%
searching
82%
work
82%
end
80%
know
80%
time
80%
us
80%
wanna
80%
baby
78%
bright
78%
burns
78%
stomach
78%
longest
76%
tonight
76%
easy
73%
fall
73%
i've
73%
maybe
73%
put
73%
flames
71%
home
71%
night
69%
all
67%
feeling
67%
fingers
63%
known
63%
last
63%
walking
63%
hoping
61%
late
61%
be
59%
faith
59%
liar
59%
pain
59%
lover
57%
of
57%
shake
57%
stop
57%
devotion
55%
on
55%
up
55%
drinking
53%
intertwined
53%
suppress
53%
we're
53%
messed
49%
hope
47%
only
47%
you're
47%
caused
45%
over
43%
with
43%
words
41%
you'd
41%
are
39%
always
35%
that
33%
road
31%
written
29%
will
27%
signs
22%
spoke
22%
low
20%
lies
16%
No matching quizzes found
Score Distribution
Percent of People with Each Score
Percentile by Number Answered
Your Score History
You have not taken this quiz